000
00301nam a2200109 a 4500
005
20201002044919.0
008
140402s1971 000 spa d
100
_a
Mesonero Romanos, Ramón, de
_9
71502
245
0
_a
Escenas matritenses.
260
_a
Madrid -- LLibra,
_c
1971 -- 192 p.
999
_c
43166
_d
43166
040
_a
DO-SdBNP